000 00344nam a2200133Ia 4500
008 100328s9999 xx 000 0 und d
082 _b39968
100 _aमेहता शाशिकला
245 _aझुबेदा
260 _bशांती
630 _aझुबेदा
730 _aझुबेदा
942 _cBOOK
999 _c528780
_d528777